00876cam a2200217 4500999001700000005001700017008004100034020001500075050002600090100003900116245010500155250001200260260004100272300002100313504003200334650004300366650005500409700002900464942001300493952015200506 c75491d7549120171031124458.0171031b2005 mx ||||| |||| 00| 0 spa d a849772414304aHD5115.2.S6bJ56 20051 aJiménez Galindo, José Feautor10aGestión del absentismo por incapacidad laboral /cJosé F. Jiménez Galindo, Rosa Romay López. a1a. ed. aMadrid, España :bDYKINSON, c2005 a285 p. ;c23 cm. aBibliografía : p. 271-285 72LembaAbsentismo (Trabajo) zEspaña  72LembaCompesaciones a los trabajadores zEspaña 1 aRomay Lopez, Rosaeautor 2lcccLIB 102lcc4070aLIC-002bLIC-002cGENERALd2017-10-31f1a. ed.hBFD000009717iDkCSAoHD5115.2.S6 J56 2005pBFD000009717r2017-10-31 00:00:00t1yLIB